Vyšla novela zákona o audítoroch a Slovenskej komore audítorov

Bibliographic Details
Main Author: Ivaničová, Helena (Author)
Format: Article
Language:Slovak
ISSN:1335-2024
Subjects:

MARC

LEADER 00000nab a2200000 a 4500
001 vtls000732967
003 SK-MaSNL
005 20260302193010.0
008 180205c2000 xo 0 slo
015 |a SNBRB2000/10-24812 
035 |a CLN000085076 
040 |a SNKBUCL  |b slo  |c SNKBUCL  |e AACR2 
041 0 |a slo 
044 |a xo  |c SK 
080 |a 657.63:340.133  |2 UDC-MRF-SK2 
080 |a 340.133  |2 UDC-MRF-SK2 
100 1 |a Ivaničová, Helena  |4 aut  |9 12305 
245 1 0 |a Vyšla novela zákona o audítoroch a Slovenskej komore audítorov  |c Helena Ivaničová 
650 0 7 |a audítori  |2 SNKPH  |9 3648 
655 7 |a články z novín a časopisov  |2 SNK  |9 267496 
773 0 |x 1335-2024  |t Účtovníctvo. Audítorstvo. Daňovníctvo  |g Roč. 8, č. 9 (2000), s. 316-318 
850 |a Slovenská národná knižnica v Martine 
852 |a SNK  |b KIS3GCP 
958 |a RBX 
999 |c 1442878  |d 1444808